| 000 | 00750nma a22002057a 4500 | ||
|---|---|---|---|
| 005 | 20210325190031.0 | ||
| 006 | g q || | ||
| 008 | s2524 th thaeng | ||
| 041 | _athaeng | ||
| 090 | _aMAP4547 I | ||
| 245 | 1 | 0 | _aจังหวัดแม่ฮ่องสอน / L7017 [Map] |
| 260 | 3 |
_aกรุงเทพฯ : _bกรมแผนที่ทหาร, _c2524 |
|
| 300 |
_a1 แผ่น (มาตราส่วน 1: _b50,000)Colour |
||
| 650 | 0 | 4 | _aอำเภอเมืองแม่ฮ่องสอน -- แผนที่ |
| 650 | 0 | 4 | _aแม่ฮองสอน -- แผนที่ |
| 850 | _aNALT | ||
| 942 | _cCD | ||
| 997 |
_c000000000024497 _kVC |
||
| 998 | _aSANG-AROON ANU-KRAUGH | ||
| 999 |
_c24497 _d24497 |
||